000 01532nam a2200289 a 4500
001 000027640
003 DO-SdBNP
005 20230221101848.0
008 110404s1976 dr ab r 001 0 spa d
040 _aBPMSU
_bspa
_cBPMSU
082 4 _a972.9301
_bV443m 1976
_222
100 1 _aVeloz Maggiolo, Marcio,
_d1936-2021
245 1 0 _aMedioambiente y adaptación humana en la prehistoria de Santo Domingo /
_cMarcio Veloz Maggiolo.
260 _aSanto Domingo
_aTaller,
_c1976.
300 _av. :
_bil., mapas ;
_c22 cm.
490 0 _aPublicaciones de la Universidad Autónoma de Santo Domingo;
_aHistoria y sociedad,
_v200/24
500 _a
505 0 _a Los hallazgos pre-cerámicos actuales: su ubicación,15 | CAPÍTULO II. Los yacimientos guías: descripción para su entendimiento, 39-181 | CAPÍTULO III. Esquemas sinópticos para el poblamiento pre-cerámico, 201-203 | CAPÍTULO IV. Formación económico-social y modo de producción, 235-242 | CAPÍTULO V. Medioambientes antillanos. 249-257 | CAPÍTULO VI. Subtradiciones e instrumental, 265-270 | CAPÍTULO VII. Modelos de producción de la variante híbrida 289 | Conclusiones preliminares
590 _aInventariado, 2023/VM
650 4 _aArqueología
_xhistoria
650 4 _aArqueología indígena
650 4 _aExcavaciones arqueológicas
_zSanto Domingo (República Dominicana)
_v
650 4 _aArte precolombino
651 4 _aRepública Dominicana
_xHistoria
_yÉpoca prehistórica, hasta 1492
910 _aVMateo V. Cotrol de calidad
942 _2ddc
_cBK
999 _c13536
_d13536